Loading...
| Current Events | 2 | 15.00 | 100% | 50% | 0% |
| Fine Arts - Classical Music | 5 | 16.00 | 100% | 60% | 0% |
| Fine Arts - Other Fine Arts | 5 | 16.00 | 100% | 40% | 20% |
| History - American History | 5 | 18.00 | 100% | 60% | 20% |
| History - European History | 4 | 15.00 | 100% | 50% | 0% |
| History - Other History | 4 | 10.00 | 100% | 0% | 0% |
| History - World History | 6 | 21.67 | 100% | 83% | 33% |
| Literature - American Literature | 7 | 15.71 | 86% | 43% | 29% |
| Literature - British Literature | 6 | 10.00 | 100% | 0% | 0% |
| Literature - European Literature | 6 | 15.00 | 100% | 33% | 17% |
| Literature - World Literature | 4 | 12.50 | 100% | 25% | 0% |
| Mythology | 4 | 22.50 | 100% | 75% | 50% |
| Painting/Sculpture | 2 | 15.00 | 100% | 0% | 50% |
| Philosophy | 4 | 15.00 | 75% | 75% | 0% |
| Pop Culture | 2 | 10.00 | 100% | 0% | 0% |
| Popular Culture | 1 | 20.00 | 100% | 100% | 0% |
| Religion | 5 | 22.00 | 100% | 80% | 40% |
| Science - Biology | 4 | 12.50 | 100% | 25% | 0% |
| Science - Chemistry | 3 | 13.33 | 67% | 67% | 0% |
| Science - Other Science | 3 | 6.67 | 67% | 0% | 0% |
| Science - Physics | 6 | 15.00 | 100% | 33% | 17% |
| Social Science | 5 | 18.00 | 100% | 60% | 20% |